[Event "It (open)"]
[Site "masterchessopen.com Groningen (Netherlands)"]
[Round "4"]
[White "Skatchkov Pavel (RUS)"]
[Black "Kodentsov Grisja (NED)"]
[Result "1-0"]
[WhiteElo "2453"]
[BlackElo "2270"]

1.d4 Nf6 2.Nf3 g6 3.g3 Bg7 4.Bg2 O-O 5.O-O d6 6.c4 Nc6 7.Nc3 a6 8.Re1 Rb8
9.Rb1 Re8 10.d5 Na5 11.b3 c5 12.dxc6 Nxc6 13.Bb2 Bg4 14.Nd5 Bxf3 15.exf3 Nd7
16.f4 Qa5 17.b4 Qd8 18.Bxg7 Kxg7 19.b5 axb5 20.cxb5 Na5 21.b6 Nc6 22.a4 Kg8
23.Nc7 Rf8 24.Bxc6 bxc6 25.a5 c5 26.Qa4 e6 27.Qc6 d5 28.b7 c4 29.a6 {#r} 1-0

[Event "It (open)"]
[Site "masterchessopen.com Prague (Czech Republic)"]
[Date "2006.01.19"]
[Round "8"]
[White "Braun Marton (HUN)"]
[Black "Knopf Roland (GER)"]
[Result "1-0"]
[WhiteElo "2300"]
[BlackElo "1941"]

1.d4 Nf6 2.g3 d6 3.Bg2 g6 4.Nf3 Bg7 5.O-O O-O 6.c4 Nc6 7.Nc3 a6 8.h3 Bd7 9.a3
Rb8 10.e4 e5 11.d5 Ne7 12.Be3 Ne8 13.Nd2 f5 14.f4 fxe4 15.Ndxe4 Nf5 16.Bd2 Nf6
17.g4 Nxe4 18.Nxe4 Nh4 19.fxe5 Nxg2 20.Kxg2 Bxe5 21.Bg5 Qe8 22.Qd3 Bxb2
23.Rae1 Qc8 24.Bf6 Be5 25.Bxe5 Rxf1 26.Rxf1 dxe5 27.Nf6+ Kg7 28.Qe4 {#r} 1-0

[Event "Ch Russia (club) (1 liga)"]
[Site "masterchessopen.com Sochi (Russia)"]
[Date "2006.04.25"]
[Round "6"]
[White "Shkurikhin Ilia (RUS)"]
[Black "Isupov Vladimir (RUS)"]
[Result "0-1"]
[WhiteElo "2332"]
[BlackElo "2433"]

1.d4 Nf6 2.c4 g6 3.Nf3 Bg7 4.g3 O-O 5.Bg2 d6 6.O-O Nc6 7.Nc3 a6 8.h3 Rb8 9.e4
b5 10.cxb5 axb5 11.Re1 e6 12.a3 b4 13.axb4 Nxb4 14.Bf4 h6 15.g4 Ba6 16.Qd2 g5
17.Bg3 Bc4 18.Bh2 Nd7 19.Nd1 e5 20.d5 Nc5 21.Ra3 c6 22.Rc3 cxd5 23.exd5 Ba6
24.Ree3 {#R} 0-1

[Event "Cup Ilyumzhinov"]
[Site "masterchessopen.com Internet"]
[Date "2006.05.06"]
[Round "0"]
[White "Barishvili Giorgi (GEO)"]
[Black "Kabanov Nikolai (RUS)"]
[Result "0-1"]
[WhiteElo "2044"]
[BlackElo "2521"]

1.d4 Nf6 2.g3 g6 3.Bg2 Bg7 4.Nf3 O-O 5.O-O d6 6.c4 Nc6 7.Nc3 a6 8.e4 Bg4 9.h3
Bxf3 10.Bxf3 e5 11.d5 Nd4 12.Bg2 c5 13.Be3 Rb8 14.f4 b5 15.fxe5 dxe5 16.b3
bxc4 17.bxc4 Ne8 18.Qd3 Nd6 19.Na4 Qa5 20.Nc3 Qxc3 {#R} 0-1

[Event "It (open)"]
[Site "masterchessopen.com Pardubice (Czech Republic)"]
[Date "2006.07.21"]
[Round "1"]
[White "Balhar Jan (CZE)"]
[Black "Kovalev Andrei (BLR)"]
[Result "0-1"]
[WhiteElo "2214"]
[BlackElo "2548"]

1.d4 Nf6 2.Nf3 g6 3.c4 Bg7 4.g3 O-O 5.Bg2 d6 6.O-O Nc6 7.Nc3 a6 8.Re1 Rb8
9.Rb1 b5 10.cxb5 axb5 11.b4 Bd7 12.d5 Na7 13.Nd4 Ng4 14.e4 Ne5 15.Bf1 Bg4
16.Qb3 c5 17.dxc6 Naxc6 18.Nxc6 Nxc6 19.Be3 Ne5 20.Rec1 Qd7 21.Nd5 e6 22.Nf4
Qb7 23.Bg2 Bf3 24.Ba7 Bxg2 25.Bxb8 Bxe4 {#R} 0-1

[Event "It \"]
[Site "masterchessopen.com Prague (Czech Republic)"]
[Date "2006.09.13"]
[Round "5"]
[White "Plicka Petr (CZE)"]
[Black "Wichs Jakub (CZE)"]
[Result "0-1"]
[WhiteElo "1842"]
[BlackElo "2093"]

1.d4 Nf6 2.Nf3 g6 3.g3 Bg7 4.Bg2 O-O 5.O-O d6 6.c4 Nc6 7.Nc3 a6 8.d5 Na5 9.Qa4
c5 10.Nd2 Bd7 11.Qc2 b5 12.b3 bxc4 13.bxc4 Ng4 14.Rb1 Rb8 15.Bb2 Bh6 16.Nce4
f5 17.Qc3 Rxb2 18.Qxb2 fxe4 19.Nxe4 Nxc4 {#R} 0-1

[Event "It (open)"]
[Site "masterchessopen.com Tuzla (Bosnia & Herzegovina)"]
[Date "2006.09.17"]
[Round "5"]
[White "Omercic Adnan (BIH)"]
[Black "Runic Zoran (BIH)"]
[Result "0-1"]
[WhiteElo "2145"]
[BlackElo "2418"]

1.Nf3 Nf6 2.g3 d6 3.Bg2 g6 4.O-O Bg7 5.d4 O-O 6.c4 Nc6 7.Nc3 a6 8.Ne1 Bd7 9.e4
Rb8 10.h3 b5 11.cxb5 axb5 12.Be3 b4 13.Ne2 Na5 14.Rc1 Bb5 15.b3 c5 16.Nd3 c4
17.bxc4 Bxc4 18.Rb1 d5 19.e5 Ne4 20.Bxe4 dxe4 21.Nxb4 Qd7 22.Kh2 Rfd8 23.Qc2
Rbc8 24.Qb2 Bb5 25.Rfe1 Nc4 26.Qa1 h5 27.Nc3 h4 28.Nxe4 Qf5 29.Bf4 Bd7 30.Ng5
Bh6 {#R} 0-1

[Event "It \"]
[Site "masterchessopen.com Edmonton (Canada)"]
[Date "2006.10.08"]
[Round "3"]
[White "Kaminski Viktor (CAN)"]
[Black "Kuczaj Chris"]
[Result "1-0"]
[WhiteElo "2116"]
[BlackElo "1893"]

1.d4 Nf6 2.Nf3 g6 3.c4 Bg7 4.g3 O-O 5.Bg2 d6 6.O-O Nc6 7.Nc3 a6 8.h3 Rb8 9.e4
b5 10.e5 dxe5 11.dxe5 Qxd1 12.Rxd1 Ne8 13.cxb5 axb5 14.Be3 b4 15.Nd5 e6
16.Rac1 Nxe5 17.Ne7+ Kh8 18.Nxe5 Bxe5 19.Rd8 Bf6 {#r} 1-0

[Event "Ch Spain (open)"]
[Site "masterchessopen.com Leon (Spain)"]
[Date "2006.11.24"]
[Round "3"]
[White "Bayon Fernandez Rogelio (ESP)"]
[Black "Cantalapiedra Vega Francisco (ESP)"]
[Result "1-0"]
[WhiteElo "2182"]
[BlackElo "1928"]

1.d4 Nf6 2.Nf3 g6 3.c4 Bg7 4.g3 O-O 5.Bg2 d6 6.O-O Nc6 7.Nc3 a6 8.h3 e5 9.e4
exd4 10.Nxd4 Ne5 11.b3 Re8 12.Re1 Ned7 13.Be3 Nc5 14.Qc2 a5 15.Rad1 c6 16.Nxc6
Qc7 17.Nd4 Rd8 18.Ndb5 Qe7 19.Rxd6 Ncd7 20.Bg5 {#r} 1-0

[Event "It (open)"]
[Site "masterchessopen.com Zurich (Switzerland)"]
[Round "2"]
[White "Warakomski Tomasz (POL)"]
[Black "Heimann Andreas (GER)"]
[Result "1-0"]
[WhiteElo "2446"]
[BlackElo "2231"]

1.Nf3 Nf6 2.g3 g6 3.Bg2 Bg7 4.O-O O-O 5.c4 d6 6.d4 Nc6 7.Nc3 a6 8.e4 Bg4 9.Be3
e5 10.d5 Nd4 11.Bxd4 exd4 12.Qxd4 Re8 13.Qd3 Nd7 14.Nd2 f5 15.h3 fxe4 16.Ncxe4
Bf5 17.Qa3 Bxe4 18.Nxe4 b6 19.h4 h6 20.Rae1 Ne5 21.Qb3 Bf6 22.Bh3 Kg7 23.Be6
Nd7 24.Bxd7 Qxd7 25.Nxf6 Kxf6 26.Qc3+ Kf7 27.Re6 Qd8 28.Rfe1 Rxe6 29.Rxe6 {#r}
1-0

[Event "It (open) (a)"]
[Site "masterchessopen.com Benidorm (Spain)"]
[Date "2006.12.07"]
[Round "7"]
[White "Zuluaga Cesar (COL)"]
[Black "Pena Alfredo (COL)"]
[Result "1-0"]
[WhiteElo "2278"]
[BlackElo "2274"]

1.d4 Nf6 2.Nf3 g6 3.c4 Bg7 4.Nc3 O-O 5.g3 d6 6.Bg2 Nc6 7.O-O a6 8.h3 Rb8 9.a4
Na5 10.b3 c5 11.Bd2 Qb6 12.dxc5 dxc5 13.Bf4 Ra8 14.Nd2 Be6 15.Nd5 Bxd5 16.cxd5
Nh5 17.Rb1 Nxf4 18.gxf4 Qb4 19.e3 e6 20.d6 Rfd8 21.Nc4 Bf8 22.d7 Ra7 23.Ne5 b6
24.f5 Qc3 25.f4 Qxe3+ 26.Kh1 Be7 27.fxe6 fxe6 28.Qg4 {#r} 1-0

[Event "Sub-zt"]
[Site "masterchessopen.com Bogota (Colombia)"]
[Date "2006.12.21"]
[Round "7"]
[White "Barros Raul (COL)"]
[Black "Sanchez Victor (COL)"]
[Result "0-1"]
[WhiteElo "2052"]
[BlackElo "2267"]

1.Nf3 Nf6 2.c4 g6 3.Nc3 Bg7 4.g3 O-O 5.Bg2 d6 6.d4 Nc6 7.O-O a6 8.e4 Rb8 9.d5
Na5 10.Qe2 c5 11.dxc6 Nxc6 12.Rd1 Nd7 13.Be3 Qa5 14.Rac1 Nde5 15.Nd4 Ng4
16.Nxc6 bxc6 17.Bd4 Bh6 18.Rc2 c5 19.Nd5 cxd4 20.Nxe7+ Kh8 21.Nxc8 Ne5 22.Nxd6
Qc5 23.Nf5 gxf5 24.Qh5 Bg7 25.Qxf5 Qc8 26.Qxc8 Rfxc8 {#R} 0-1

[Event "It (open)"]
[Site "masterchessopen.com Groningen (Netherlands)"]
[Date "2006.12.29"]
[Round "7"]
[White "Pilgrim Peter (NED)"]
[Black "Pouw Marcel (NED)"]
[Result "0-1"]
[WhiteElo "2027"]
[BlackElo "1910"]

1.Nf3 Nc6 2.c4 g6 3.g3 Bg7 4.Bg2 Nf6 5.d4 d6 6.O-O O-O 7.Nc3 a6 8.a3 Rb8 9.b4
Ne8 10.Be3 e6 11.Rc1 f5 12.d5 Ne5 13.Nxe5 dxe5 14.Qd2 Nd6 15.Qa2 f4 16.Bd2
exd5 17.Nxd5 Be6 18.gxf4 c6 19.fxe5 Bxe5 20.Bc3 Bxc3 21.Nxc3 Qg5 22.Kh1 Rxf2
{#R} 0-1

[Event "It (open)"]
[Site "masterchessopen.com Singapore"]
[Date "2006.12.30"]
[Round "9"]
[White "Ariskin Alexey (RUS)"]
[Black "Song Raymond (AUS)"]
[Result "1-0"]
[WhiteElo "2300"]
[BlackElo "2219"]

1.d4 Nf6 2.c4 g6 3.Nc3 Bg7 4.g3 O-O 5.Bg2 d6 6.Nf3 Nc6 7.O-O a6 8.h3 Rb8 9.e4
Nd7 10.Be3 b5 11.cxb5 axb5 12.d5 Na5 13.Bd4 b4 14.Bxg7 Kxg7 15.Na4 Ba6 16.Re1
e5 17.dxe6 fxe6 18.e5 d5 19.Rc1 Rc8 20.Nc5 Nxc5 21.Rxc5 c6 22.Nd4 Re8 23.Qa4
Nb7 24.Rxc6 Nc5 25.Rxc5 {#r} 1-0

[Event "Tournament"]
[Site "masterchessopen.com Lipetsk (Russia)"]
[Date "2007.01.02"]
[Round "5"]
[White "Titov Sergey (RUS)"]
[Black "Smolyaninov Sergej (RUS)"]
[Result "1-0"]
[WhiteElo "2088"]
[BlackElo "1991"]

1.d4 Nf6 2.Nf3 g6 3.g3 Bg7 4.Bg2 O-O 5.O-O d6 6.c4 Nc6 7.Nc3 a6 8.h3 Rb8 9.Kh2
Bd7 10.e4 e5 11.d5 Na5 12.b3 b5 13.cxb5 axb5 14.b4 Nc4 15.Qe2 Nh5 16.a4 f5
17.a5 f4 18.Nd2 fxg3+ 19.fxg3 Qg5 20.Rxf8+ Rxf8 21.Nf1 Qf6 22.Ra2 Nf4 23.Qf3
Nxg2 24.Qxf6 Rxf6 25.Kxg2 c5 26.dxc6 Bxc6 27.Ne3 Nxe3+ 28.Bxe3 Rf8 29.Rc2 Rc8
30.Nd5 {#r} 1-0

[Event "Ch France (team) (nat.2) 2006/07"]
[Site "masterchessopen.com France"]
[Date "2007.02.11"]
[Round "7"]
[White "Haik Aldo (FRA)"]
[Black "Clarac Jean-Marie (FRA)"]
[Result "1-0"]
[WhiteElo "2381"]
[BlackElo "2146"]

1.Nf3 Nf6 2.g3 g6 3.Bg2 Bg7 4.c4 O-O 5.d4 d6 6.O-O Nc6 7.Nc3 a6 8.h3 Rb8 9.Be3
e5 10.Rc1 exd4 11.Nxd4 Ne5 12.b3 c5 13.Nc2 b5 14.cxb5 axb5 15.f4 Nh5 16.fxe5
Nxg3 17.Rf2 Bxe5 18.Qd2 Qh4 19.Ne1 b4 20.Nd5 Ne4 21.Bxe4 Qxe4 22.Rf4 {#r} 1-0

[Event "Ch SibFO (open)"]
[Site "masterchessopen.com Angarsk (Russia)"]
[Date "2007.03.25"]
[Round "8"]
[White "Nevostrujev Vladimir (RUS)"]
[Black "Loskutov Oleg (RUS)"]
[Result "0-1"]
[WhiteElo "2469"]
[BlackElo "2431"]

1.Nf3 Nf6 2.c4 g6 3.d4 Bg7 4.g3 O-O 5.Bg2 d6 6.Nc3 Nc6 7.O-O a6 8.Bf4 Bf5
9.Rc1 Re8 10.d5 Na5 11.c5 dxc5 12.e4 Nxe4 13.Nxe4 Bxe4 14.b4 cxb4 15.Bxc7 Qxd5
16.Qxd5 Bxd5 17.Bxa5 Bc3 18.Ng5 Bc4 19.Rfd1 Bxa2 20.Rd7 Rac8 21.h4 b6 22.Bb7
Rcd8 23.Rxd8 Rxd8 24.Bxb6 Rb8 25.Ne4 Rxb7 26.Nxc3 Rxb6 27.Nxa2 b3 28.Rc8+ Kg7
29.Nc3 b2 {#R} 0-1

[Event "Ch Faroe Islands"]
[Site "masterchessopen.com Klaksvik (Faroe Islands)"]
[Date "2007.04.05"]
[Round "7"]
[White "Rodgaard John (FAI)"]
[Black "Nolsoe Rani (FAI)"]
[Result "1-0"]
[WhiteElo "2369"]
[BlackElo "2141"]

1.Nf3 Nf6 2.c4 g6 3.g3 Bg7 4.Bg2 O-O 5.O-O d6 6.d4 Nc6 7.Nc3 a6 8.Re1 Rb8
9.Rb1 e5 10.d5 Na5 11.Nd2 c5 12.dxc6 Nxc6 13.Nde4 Nxe4 14.Nxe4 Bf5 15.Ra1 Bxe4
16.Bxe4 f5 17.Bg2 Kh8 18.b3 Qf6 19.Bb2 Rfd8 20.Qd2 Qf7 21.Rad1 Nd4 22.e3 Nc6
23.f4 Bf6 24.Re2 h6 25.Bc3 Rd7 26.Bxc6 bxc6 27.fxe5 Bg7 28.exd6 {#r} 1-0

[Event "Memorial Archil Ebralidze (cat.7)"]
[Site "masterchessopen.com Tbilisi (Georgia)"]
[Date "2007.04.05"]
[Round "4"]
[White "Ter-Karapetian Armen (GEO)"]
[Black "Bagaturov Giorgi (GEO)"]
[Result "0-1"]
[WhiteElo "2117"]
[BlackElo "2474"]

1.d4 Nf6 2.Nf3 g6 3.g3 Bg7 4.Bg2 O-O 5.O-O d6 6.c4 Nc6 7.Nc3 a6 8.Re1 Rb8
9.Rb1 Na5 10.b3 b5 11.cxb5 axb5 12.Nd2 b4 13.Na4 Bd7 14.Nb2 d5 15.Nd3 Bf5
16.a3 Nc6 17.e4 dxe4 18.Nxe4 Nd5 19.Bb2 bxa3 20.Bxa3 Bxe4 21.Bxe4 Nc3 {#R} 0-1

[Event "Tournament (Elo)"]
[Site "masterchessopen.com Espartinas (Spain)"]
[Date "2007.04.30"]
[Round "3"]
[White "Matamoros Franco Carlos S (ECU)"]
[Black "Perez Garcia Roberto (ESP)"]
[Result "1-0"]
[WhiteElo "2525"]
[BlackElo "2193"]

1.Nf3 Nf6 2.c4 g6 3.g3 Bg7 4.Bg2 O-O 5.O-O d6 6.d4 Nc6 7.Nc3 a6 8.d5 Na5 9.b3
c5 10.dxc6 bxc6 11.Bb2 c5 12.Qd2 Rb8 13.Rac1 Bd7 14.Nd5 Nxd5 15.Bxg7 Kxg7
16.cxd5 Kg8 17.Ne1 Nb7 18.h4 e5 19.dxe6 Bxe6 20.Nd3 Qd7 21.Nf4 a5 22.h5 a4
23.bxa4 Nd8 24.Rfd1 Rb6 25.a5 {#r} 1-0

[Event "Tournament (weekend) \"]
[Site "masterchessopen.com Rome (Italy)"]
[Date "2007.05.12"]
[Round "2"]
[White "Profumo Alberto (ITA)"]
[Black "Di Cecco Giuseppe (CEC)"]
[Result "1-0"]
[WhiteElo "2252"]
[BlackElo "2109"]

1.Nf3 Nf6 2.g3 g6 3.Bg2 Bg7 4.d4 O-O 5.c4 d6 6.Nc3 Nc6 7.O-O a6 8.h3 Rb8 9.e4
e5 10.d5 Na5 11.Qa4 c5 12.dxc6 Nxc6 13.Rd1 Qc7 14.Be3 Ne7 15.Qb4 Ne8 16.c5 Nc6
17.cxd6 Nxb4 18.dxc7 Nxc7 19.Bc5 a5 20.Bd6 Nca6 21.Nxe5 Re8 22.Nd3 b5 23.Rac1
Rb6 24.e5 Bb7 25.Ne4 Nd5 26.Ndc5 Bc6 27.Nxa6 {#r} 1-0

[Event "It (open)"]
[Site "masterchessopen.com Gerlingen (Germany)"]
[Date "2007.05.18"]
[Round "4"]
[White "Hilzinger Markus (GER)"]
[Black "Kabisch Thilo (GER)"]
[Result "0-1"]
[WhiteElo "2087"]
[BlackElo "2227"]

1.c4 Nf6 2.Nf3 d6 3.Nc3 g6 4.d4 Bg7 5.g3 O-O 6.Bg2 Nc6 7.O-O a6 8.a4 Na5 9.b3
c5 10.dxc5 dxc5 11.Bd2 Qb6 12.Rb1 Bf5 13.Rb2 Nxc4 14.Ra2 Nxd2 15.Nxd2 Rfd8
16.Qc1 Rd4 17.a5 Qc7 18.Nc4 Rad8 19.Re1 Be6 20.e3 R4d7 21.Nb6 Rd3 22.Nca4 Bxb3
23.Nxc5 Rd1 24.Nxb3 Qxc1 {#R} 0-1

[Event "Cup Felix (open)"]
[Site "masterchessopen.com Felix Spa (Romania)"]
[Date "2007.05.29"]
[Round "7"]
[White "Manolache Marius (ROM)"]
[Black "Ristic Nebojsa (SRB)"]
[Result "1-0"]
[WhiteElo "2513"]
[BlackElo "2371"]

1.d4 Nf6 2.c4 g6 3.Nc3 Bg7 4.Nf3 d6 5.g3 O-O 6.Bg2 Nc6 7.O-O a6 8.h3 h6 9.e4
e5 10.Be3 Nd7 11.Rc1 exd4 12.Nxd4 Nce5 13.b3 Nc5 14.Rc2 Ne6 15.Rd2 Ng5 16.f4
Nxh3+ 17.Bxh3 Bxh3 18.fxe5 Bxf1 19.Qxf1 Bxe5 20.Bxh6 Bg7 21.Bxg7 Kxg7 22.Nd5
Qg5 23.Rh2 Rh8 24.Nf3 Qxg3+ 25.Rg2 Qh3 26.Qa1+ Kf8 27.Qf6 Re8 28.Nf4 Rg8
29.Nxh3 {#r} 1-0

[Event "It \"]
[Site "masterchessopen.com Philadelphia (USA)"]
[Date "2007.06.01"]
[Round "4"]
[White "Ippolito Dean (USA)"]
[Black "Morshedi Ali (USA)"]
[Result "1-0"]
[WhiteElo "2409"]
[BlackElo "2353"]

1.d4 Nf6 2.c4 g6 3.Nf3 Bg7 4.g3 O-O 5.Bg2 d6 6.O-O Nc6 7.Nc3 a6 8.h3 Rb8 9.e4
b5 10.e5 Nd7 11.e6 fxe6 12.d5 exd5 13.cxd5 Na5 14.Nd4 Nf6 15.Bg5 b4 16.Nce2 c5
17.dxc6 e5 18.Nb3 Nxb3 19.Qxb3+ Kh8 20.Nc3 Bxh3 21.Nd5 Qc8 22.c7 Rb7 23.Bxh3
Qxh3 24.Nxf6 Bxf6 25.Qf3 Rxc7 26.Bxf6+ Kg8 27.Qd5+ Rcf7 28.Be7 Re8 {#r} 1-0

[Event "Ch Germany (juniors) (under 12)"]
[Site "masterchessopen.com Willingen (Germany)"]
[Date "2007.06.01"]
[Round "11"]
[White "Niedermayer Julian Andi (GER)"]
[Black "Moehn Hans (GER)"]
[Result "0-1"]
[WhiteElo "1902"]
[BlackElo "1773"]

1.Nf3 Nf6 2.c4 g6 3.Nc3 Bg7 4.g3 O-O 5.Bg2 d6 6.d4 Nc6 7.O-O a6 8.b3 Rb8 9.Bb2
Bd7 10.Qd2 b5 11.Rab1 Na7 12.cxb5 axb5 13.Rbc1 b4 14.Nd1 c6 15.Ne3 Ne4 16.Qc2
f5 17.Nd2 Nxd2 18.Qxd2 f4 19.gxf4 Bh6 20.f5 Rxf5 21.Qd3 Rh5 22.Bf3 Rh4 23.Rcd1
d5 24.Ng2 Rh3 25.e4 Bg4 26.Ne1 Qd7 27.Qe2 Bxf3 28.Nxf3 Qg4+ 29.Kh1 Qxf3+
30.Qxf3 Rxf3 {#R} 0-1

[Event "Ch Germany (juniors) (under 12)"]
[Site "masterchessopen.com Willingen (Germany)"]
[Date "2007.06.01"]
[Round "10"]
[White "Pfleger Juergen (GER)"]
[Black "Pfeiffer Daniel (GER)"]
[Result "0-1"]
[WhiteElo "1787"]
[BlackElo "1772"]

1.d4 Nf6 2.Nf3 g6 3.g3 Bg7 4.Bg2 O-O 5.O-O d6 6.c4 Nc6 7.Nc3 a6 8.b3 Rb8 9.a4
a5 10.Bb2 Nd7 11.e4 e5 12.dxe5 Ndxe5 13.Nxe5 Bxe5 14.f4 Bg7 15.Rb1 f5 16.Re1
Nb4 17.Nd5 Bxb2 18.Rxb2 Nc6 19.Rbe2 fxe4 20.Bxe4 Bg4 21.Nxc7 Qxc7 22.Bd5+ Kh8
23.Re7 Qb6+ 24.Kh1 Bxd1 25.Rd7 Rbe8 {#R} 0-1

[Event "It (open)"]
[Site "masterchessopen.com Lodi (Italy)"]
[Date "2007.06.10"]
[Round "4"]
[White "Delchev Aleksander (BUL)"]
[Black "Seps Monika (SUI)"]
[Result "1-0"]
[WhiteElo "2613"]
[BlackElo "2290"]

1.d4 Nf6 2.c4 g6 3.g3 Bg7 4.Bg2 O-O 5.Nc3 d6 6.Nf3 Nc6 7.O-O a6 8.h3 Rb8 9.e4
Nd7 10.Be3 Na5 11.b3 b5 12.cxb5 axb5 13.Rc1 b4 14.Nd5 Ba6 15.Re1 c6 16.Nf4 Qb6
17.e5 Rfe8 18.e6 Nf8 19.exf7+ Kxf7 20.h4 Bc8 21.h5 Bf6 22.Ne5+ Kg7 23.Nxc6
Nxc6 24.Bxc6 Bb7 25.d5 Qa5 26.Bxe8 Rxe8 27.Bd4 g5 28.Bxf6+ Kxf6 29.Qd4+ Kf7
30.h6 {#r} 1-0

[Event "Ch Paris (open)"]
[Site "masterchessopen.com Paris (France)"]
[Round "5"]
[White "Carlhammar Magnus (SWE)"]
[Black "Van Delft Merijn (NED)"]
[Result "0-1"]
[WhiteElo "2349"]
[BlackElo "2418"]

1.Nf3 Nf6 2.g3 g6 3.Bg2 Bg7 4.O-O O-O 5.c4 d6 6.d4 Nc6 7.Nc3 a6 8.Qd3 Bf5 9.e4
Bg4 10.d5 Bxf3 11.Qxf3 Nd4 12.Qd1 c5 13.dxc6 Nxc6 14.Bd2 Nd7 15.Rb1 Rb8 16.f4
b5 17.cxb5 axb5 18.Kh1 b4 19.Nd5 e6 20.Ne3 Nc5 21.Nc4 d5 22.exd5 exd5 23.Ne3
Ne4 24.Bc1 Nd4 25.f5 Re8 26.f6 Bxf6 27.Ng4 Nf5 28.Nxf6+ Qxf6 29.Bd2 Rf8 30.Bc1
Qd8 {#R} 0-1

[Event "Tournament (open)"]
[Site "masterchessopen.com Kemerovo (Russia)"]
[Date "2007.07.27"]
[Round "0"]
[White "Smotriakov Arkady (RUS)"]
[Black "Kneita Arunas (RUS)"]
[Result "0-1"]
[WhiteElo "2141"]
[BlackElo "2063"]

1.c4 Nf6 2.d4 g6 3.Nf3 Bg7 4.g3 O-O 5.Bg2 d6 6.O-O Nc6 7.Nc3 a6 8.a4 Bd7 9.e4
e5 10.h3 Qc8 11.Kh2 exd4 12.Nxd4 Nxd4 13.Qxd4 Ng4+ {#R} 0-1

[Event "Ch Austria"]
[Site "masterchessopen.com Tweng (Austria)"]
[Round "1"]
[White "Freitag Manfred (AUT)"]
[Black "Neumeier Klaus (AUT)"]
[Result "1-0"]
[WhiteElo "2407"]
[BlackElo "2273"]

1.d4 Nf6 2.c4 g6 3.Nf3 Bg7 4.g3 O-O 5.Bg2 d6 6.O-O Nc6 7.Nc3 a6 8.b3 Rb8 9.Nd5
Nh5 10.Bb2 e6 11.Nc3 b5 12.cxb5 axb5 13.Qd2 b4 14.Na4 Na7 15.Ne1 Bb7 16.Bxb7
Rxb7 17.Nd3 Qb8 18.Rac1 Nb5 19.Rc4 Qa7 20.Nxb4 Qa5 21.Rd1 c5 22.dxc5 d5
23.Bxg7 Kxg7 24.Rh4 Qd8 25.e4 d4 26.Nc6 Qf6 27.e5 Qf3 28.Nxd4 Nxd4 29.Rxd4
{#r} 1-0

[Event "Ch Europe (juniors) (under 16)"]
[Site "masterchessopen.com Sibenik (Croatia)"]
[Date "2007.09.23"]
[Round "9"]
[White "Dzaniashvili Georgi (EST)"]
[Black "Kuchynka Lukas (CZE)"]
[Result "0-1"]
[WhiteElo "1895"]
[BlackElo "2188"]

1.Nf3 Nf6 2.g3 g6 3.d4 Bg7 4.c4 O-O 5.Bg2 d6 6.O-O Nc6 7.Nc3 a6 8.e4 Bg4 9.Be3
Nd7 10.Qd2 Bxf3 11.Bxf3 e5 12.Ne2 exd4 13.Nxd4 Qf6 14.Nxc6 Qxf3 15.Ne7+ Kh8
16.Nd5 Ne5 17.Qc2 c6 18.Nf4 g5 19.Ng2 Qh5 20.Ne1 Ng4 21.Nf3 Nxe3 22.fxe3 Rae8
23.Rad1 Qg6 24.Nd2 Re5 25.b3 f5 26.exf5 Rexf5 27.Rxf5 Rxf5 28.Nf1 Rxf1+ {#R}
0-1

[Event "Ch NRW"]
[Site "masterchessopen.com Herne (Germany)"]
[Date "2007.09.30"]
[Round "2"]
[White "Hausrath Daniel (GER)"]
[Black "Haselhorst Helmut (GER)"]
[Result "1-0"]
[WhiteElo "2499"]
[BlackElo "2157"]

1.Nf3 Nf6 2.g3 g6 3.Bg2 Bg7 4.O-O O-O 5.d4 d6 6.c4 Nc6 7.Nc3 a6 8.Bg5 h6 9.Bd2
Rb8 10.Rc1 Bd7 11.d5 Na5 12.b3 c5 13.dxc6 bxc6 14.c5 d5 15.Bf4 Ra8 16.Be5 Qc8
17.Na4 Ra7 18.Nb6 Qd8 19.b4 Nb7 20.Nd4 e6 21.e3 Re8 22.Qa4 Ne4 23.Bxg7 Kxg7
24.Bxe4 dxe4 25.Rfd1 e5 26.Nxc6 Bxc6 27.Qxc6 {#r} 1-0

[Event "It (a)"]
[Site "masterchessopen.com Lugansk (Ukraine)"]
[Round "16"]
[White "Blednov Stanislav (UKR)"]
[Black "Shvyrjov Igor (EST)"]
[Result "0-1"]
[WhiteElo "2274"]
[BlackElo "2413"]

1.Nf3 g6 2.c4 Bg7 3.d4 Nf6 4.g3 O-O 5.Bg2 d6 6.O-O Nc6 7.Nc3 a6 8.h3 Rb8 9.e4
b5 10.e5 dxe5 11.dxe5 Qxd1 12.Rxd1 Nd7 13.e6 fxe6 14.cxb5 axb5 15.Be3 b4
16.Na4 Nce5 17.Nd4 Nb6 18.Nxb6 Rxb6 19.Rac1 Rd6 20.Rxc7 Ba6 21.Rxe7 Rfd8
22.Rxg7+ Kxg7 23.Nxe6+ Kf6 24.Rxd6 Rxd6 25.Nc5 Rd1+ 26.Kh2 Be2 27.g4 Bf3
28.g5+ Kf5 29.Bxf3 Nxf3+ 30.Kg3 Nxg5 {#R} 0-1

[Event "It (cat.3)"]
[Site "masterchessopen.com Andratx (Spain)"]
[Date "2007.10.10"]
[Round "3"]
[White "Schenk Andreas (GER)"]
[Black "Martinez Gonzalez Alejandro (ESP)"]
[Result "0-1"]
[WhiteElo "2509"]
[BlackElo "2328"]

1.d4 Nf6 2.Nf3 g6 3.g3 Bg7 4.Bg2 O-O 5.O-O d6 6.c4 Nc6 7.Nc3 a6 8.Re1 Rb8
9.Rb1 e5 10.dxe5 dxe5 11.Qxd8 Rxd8 12.Bg5 Be6 13.b3 h6 14.Bxf6 Bxf6 15.e4 Bg7
16.Red1 Nb4 17.Ne1 Rd4 18.a3 Nc6 19.Nc2 Rxd1+ 20.Rxd1 Na5 21.Bf1 Nxb3 22.Nd5
c6 23.Nde3 Nd4 24.Nb4 Rd8 25.Kg2 Bf8 26.Nd3 Nb3 27.Rb1 Nd2 {#R} 0-1

[Event "Ch Slovakia (team) 2007/08 (1 liga) West"]
[Site "masterchessopen.com Slovakia"]
[Date "2007.10.13"]
[Round "1"]
[White "Petrik Tomas (SVK)"]
[Black "Mikita Jozef (SVK)"]
[Result "1-0"]
[WhiteElo "2489"]
[BlackElo "2369"]

1.c4 Nf6 2.d4 g6 3.g3 Bg7 4.Bg2 O-O 5.Nf3 d6 6.O-O Nc6 7.Nc3 a6 8.b3 Rb8 9.Nd5
Bg4 10.Bb2 e6 11.Ne3 Bxf3 12.exf3 d5 13.f4 Qd7 14.f5 exf5 15.Bxd5 f4 16.gxf4
Nxd5 17.cxd5 Ne7 18.Ba3 Rfe8 19.Bxe7 Rxe7 20.Rc1 Qh3 21.Rc3 Re4 22.Qc2 Rbe8
23.Ng2 Qf5 24.Rxc7 Qxd5 25.Ne3 Qxd4 26.Rc4 {#r} 1-0

[Event "It (cat.3)"]
[Site "masterchessopen.com Chicago (USA)"]
[Date "2007.10.28"]
[Round "1"]
[White "Haessel Dale R (CAN)"]
[Black "Muhammad Stephen A (USA)"]
[Result "0-1"]
[WhiteElo "2152"]
[BlackElo "2384"]

1.d4 Nf6 2.c4 g6 3.g3 Bg7 4.Bg2 O-O 5.Nc3 d6 6.Nf3 Nc6 7.O-O a6 8.h3 Rb8 9.Be3
b5 10.Nd2 Bd7 11.Rc1 e5 12.dxe5 Nxe5 13.c5 b4 14.Nce4 d5 15.Nxf6+ Bxf6 16.Bd4
Bb5 17.Nf3 Bxe2 18.Qxe2 Nxf3+ 19.Bxf3 Bxd4 20.Rc2 c6 21.Qxa6 Qf6 22.Bg4 b3
23.axb3 Rxb3 24.Kh2 h5 25.Bd1 Rfb8 26.Re1 Bxf2 {#R} 0-1